Etika svetových náboženstiev
Kritický pohľad na náboženstvá. Definícia náboženstva. Stručná charakteristika a typológia náboženstiev. Etické perspektívy svetových náboženstiev.
Guardado en:
| Autor principal: | |
|---|---|
| Formato: | Capítulo de libro |
| Lenguaje: | eslovaco |
| Materias: | |
| Etiquetas: |
Sin Etiquetas, Sea el primero en etiquetar este registro!
|
MARC
| LEADER | 00000naa a2200000 4500 | ||
|---|---|---|---|
| 001 | r048474 | ||
| 005 | 20230808082151.6 | ||
| 041 | 0 | |a slo | |
| 044 | |a SK | ||
| 245 | 1 | 0 | |a Etika svetových náboženstiev |c Ivan Lehotský |
| 520 | |a Kritický pohľad na náboženstvá. Definícia náboženstva. Stručná charakteristika a typológia náboženstiev. Etické perspektívy svetových náboženstiev. | ||
| 610 | 2 | 0 | |a náboženstvo |
| 610 | 2 | 0 | |a cirkev |
| 610 | 2 | 0 | |a história |
| 610 | 2 | 0 | |a filozofia |
| 610 | 2 | 0 | |a etika |
| 610 | 2 | 0 | |a práva ľudské |
| 610 | 2 | 0 | |a islam |
| 100 | 1 | |a Lehotský, Ivan | |